| 000 | 01411cab a2200193 4500 | ||
|---|---|---|---|
| 001 | ABS38433 | ||
| 008 | 090401t1987 xxu||||| |||| 00| 0 eng d | ||
| 035 | _a(Sirsi) u10544 | ||
| 041 | _aeng | ||
| 245 | _aThompson v Elmbridge BC | ||
| 260 | _c1987 | ||
| 350 | _a0 | ||
| 490 |
_aWeekly Law Reports _v(1987) 1 WLR 1425-1432(8) |
||
| 520 | _aCA 14 July 1987 The tenancy of a dwelling-house had been granted to the applicant`s wife by the local authority and it was a secure tenancy for the purposes of Housing Act 1985 . The wife fell into rent arrears and a possession order was obtained against her and suspended, subject to payment of rent and arrears. Eventually she left the premises because of matrimonial problems having permitted arrears to accumulate so as to be in breach of the court order The applicant then applied to have the tenancy transferred to himself under Matrimonial Homes Act 1983 . The cc refused the application and the applicant appealed. CA upheld the cc`s decision, stating that a suspended possession order postponing possession so long as the tenant paid a weekly amount for rent and arrears, operated to terminate a secure tenancy when the tenant defaulted on making one payment. Accordingly, no secure tenancy existed to be passed on the applicant. | ||
| 650 | _aTRANSFER | ||
| 690 | _aLANDLORD AND TENANT-CASE LAW-RESIDENTIAL TENANCIES | ||
| 942 | _n0 | ||
| 948 | _c04/03/1997 | ||
| 999 |
_c6666 _d6666 |
||